Statistics for Ken Burns Documentaries

Click here to take the quiz!

General Stats

  • This quiz has been taken 17 times
  • The average score is 10 of 30

Answer Stats

YearHintDocumentary% Correct
1990ConflictThe Civil War
100%
2007ConflictThe War
100%
1994SportBaseball
86%
2001MusicJazz
79%
2011AlcoholProhibition
71%
2014PresidentsThe Roosevelts
71%
2009American TreasuresThe National Parks
64%
2017WarVietnam War
64%
1998ArchitechtFrank Lloyd Wright
57%
2016Baseball PlayerJackie Robinson
43%
1982New YorkBrooklyn Bridge
36%
2014SpeechThe Address
36%
1985MonumentStatue of Liberty
29%
1996RegionThe West
29%
1997PresidentThomas Jefferson
29%
2013InjusticeThe Central Park Five
21%
1986PoliticianHuey Long
14%
1997ExplorersLewis & Clark
14%
2002AuthorMark Twain
14%
1989GovernmentThe Congress
14%
2015DiseaseCancer: The Emperor of All Maladies
7%
2012CatastropheThe Dust Bowl
7%
2010BaseballThe Tenth Inning
7%
2005RaceUnforgivable Blackness
7%
2016ResistanceDefying the Nazis
0%
1992MediaEmpire of the Air
0%
2003AutomobileHoratio's Drive
0%
1999SocietyNot For Ourselves Alone
0%
1985SocietyThe Shakers
0%
1988ArtistThomas Hart Benton
0%

Score Distribution

Percentile by Number Answered

Percent of People with Each Score

Your Score History

You have not taken this quiz